| 000 | 00639nam a2200205 i 4500 | ||
|---|---|---|---|
| 001 | 124512 | ||
| 003 | ES-MaACL | ||
| 005 | 20250812223646.0 | ||
| 007 | t| | ||
| 008 | 070329s1929 sp |||| | spa d | ||
| 100 | 1 |
_aHurtado del Valle, Francisco. _964794 |
|
| 245 | 1 | 0 |
_aTeoría y práctica de la contabilidad / _cFrancisco Hurtado del Valle. |
| 260 |
_aBarcelona : _bLabor, _c[1929] |
||
| 300 |
_a437 p. ; _c18 cm. |
||
| 490 | 1 |
_aLabor. Sección 9, Economía ; _v219-220 |
|
| 650 | 0 | 4 |
_aContabilidad. _911307 |
| 830 | 0 | 0 |
_aColección Labor. _pEconomía _v219-220 _9219015 |
| 852 |
_aES-MaACL _jE-2730 |
||
| 999 |
_c124512 _d124512 |
||